US Presidents full names - Statistics

General Stats
  • This quiz has been taken 20 times
    7 since last reset
  • The average score is 35 of 45
Answer Stats
Answer % Correct
Abraham Lincoln
100%
Barack Obama
100%
Donald J Trump
100%
Franklin D Roosevelt
100%
George Washington
100%
John F Kennedy
100%
Joseph Biden
100%
Richard M Nixon
100%
Thomas Jefferson
100%
William Clinton
100%
Calvin Coolidge
80%
Dwight D Eisenhower
80%
George H W Bush
80%
George W Bush
80%
Gerald R Ford
80%
Harry S Truman
80%
Herbert Hoover
80%
James Madison
80%
James monroe
80%
Jimmy Carter
80%
John Adams
80%
John Quincy Adams
80%
Lyndon B Johnson
80%
Ronald Reagan
80%
(Stephen) Grover Cleveland
80%
Theodore Roosevelt
80%
(Thomas) Woodrow Wilson
80%
Warren G Harding
80%
William H Taft
80%
Andrew Jackson
60%
Andrew Johnson
60%
Benjamin Harrison
60%
Chester A Arthur
60%
Franklin Pierce
60%
(Hiram) Ulysses S Grant
60%
James A Garfield
60%
James Buchanan
60%
James k polk
60%
John Tyler
60%
Martin Van Buren
60%
Millard Fillmore
60%
Rutherford B Hayes
60%
William Henry Harrison
60%
William McKinley
60%
Zachary Taylor
60%
No matching quizzes found
Score Distribution
Percent of People with Each Score
Percentile by Number Answered
Your Score History
You have not taken this quiz since the last reset